000
00297 a2200157 4500
001
180987
020
_a
040
_c
Magnum
100
_a
Mucci, Alfredo
240
1
0
_a
Acaua
_l
por
245
1
0
_a
Acaua
362
0
_a
1899
440
1
_a
Moderna
697
_a
MAGNITO: J/FOLCLORE
942
_c
BK
999
_c
180987
_d
180987